000 00709nam a2200217 i 4500
001 78271
003 ES-MaACL
005 20230906173635.0
007 t|
008 041013s1970 sp ||||1| spa d
100 1 _aHäring, Bernhard.
_961847
245 1 0 _aMatrimonio al rojo vivo /
_cBernhard Häring ; [traducción de José Querol].
260 _a[Zalla (Vizcaya)] :
_bEdiciones Paulinas,
_c[1970]
300 _a116 p. ;
_c18 cm.
490 1 _aOpinión y certeza ;
_v3
650 4 _aMatrimonio-
_xAspectos religiosos-
_xIglesia Católica.
_9165939
700 1 _aQuerol, José.
_994543
830 0 _aOpinión y certeza ;
_v3
_9183586
852 _aES-MaACL
_jC-48199
_bR.73387
999 _c78271
_d78271